50 African Animals - Statistics

General Stats
  • This quiz has been taken 443 times
    421 since last reset
  • The average score is 29 of 50
Answer Stats
Picture Answer % Correct
African elephant
99%
Black rhino
99%
Lion
99%
Giraffe
97%
Hippo
97%
Zebra
97%
Hyena
95%
Cheetah
94%
Nile crocodile
93%
Leopard
92%
Ostrich
92%
Baboon
89%
Gorilla
89%
Buffalo
85%
Meerkat
84%
Warthog
82%
Vulture
81%
Chimpanzee
78%
Wildebeest
77%
Ring tailed lemur
76%
Gazelle
73%
African penguin
68%
Aardvark
66%
Wild dog
63%
Black mamba
62%
Okapi
57%
Mandrill
56%
Mongoose
54%
Shoebill
52%
Fennec fox
50%
Jackal
48%
Springbok
47%
Caracal
43%
Fossa
41%
Porcupine
36%
Dromedary
35%
Hornbill
29%
Hyrax
27%
Bongo
24%
Eland
24%
Crowned crane
22%
Vervet
20%
Bat eared fox
19%
Red river hog
19%
Gemsbok
18%
Aardwolf
17%
Colobus
17%
Nile monitor
17%
Topi
10%
Xerus
6%
No matching quizzes found
Score Distribution
Percent of People with Each Score
Percentile by Number Answered
Your Score History
You have not taken this quiz since the last reset